Química ambiental : el impacto ambiental de los residuos /

Guardado en:
Autor Principal: Doménech, Xavier.
Formato: Libro
Idioma:Spanish
Publicado: Madrid : Miraguano, 2000.
Edición:5a ed.
Etiquetas: Agregar Etiqueta
Sin Etiquetas, Sea el primero en etiquetar este registro!
LEADER 00467nam a22001455a 4500
001 EEA.libagro007693
005 20160909111521.0
008 130809s2000####sp#a##########000#0#spa#d
082 0 4 |a 363.73 
100 1 |a Doménech, Xavier. 
245 1 0 |a Química ambiental :  |b el impacto ambiental de los residuos /  |c Xavier Doménech. 
250 |a 5a ed. 
260 |a Madrid :  |b Miraguano,  |c 2000. 
300 |a 254 p. :  |b il. ;  |c 19 cm. 
859 |a AR-BbBCA  |b BIB. AGRONOMIA  |h 363.73  |i D668a5  |p 2006/5082